000 00325pab a2200145 454500
008 180718b2000 xxu||||| |||| 00| 0 eng d
100 _aRavindran, T.K. Sundari
245 _aEngendering health
260 _c2000
300 _ap.34-38
362 _aMay
650 _aHealth services
773 _aSeminar
909 _a44749
999 _c44749
_d44749